000 00348cam a22001097a 4500
008 180718b1948 xxu||||| |||| 00| 0 eng d
082 _aU61 IFCI
245 _aIndustrial finance corporation of India
_cby Reserve Bank Building, India
260 _aNew Delhi
_bGovernment of India Press
_c1948
300 _a20p.
700 _aIndia. Reserve Bank Building
999 _c498312
_d498312